[Event "Russian Blitz Team Championship (m)"]
[Site "Sochi"]
[Date "2022.10.17"]
[Round "13.3"]
[White "Moiseenko, Vadim"]
[Black "Iljiushenok, Ilia"]
[Result "0-1"]
[BlackElo "2467"]
[WhiteElo "2492"]
[LiveChessVersion "1.4.8"]

1. e4 {[%clk 0:03:03]} e5 {[%clk 0:03:03]} 2. Nf3 {[%clk 0:03:03]} Nf6
{[%clk 0:03:04]} 3. Nc3 {[%clk 0:02:59]} Nc6 {[%clk 0:03:06]} 4. h3
{[%clk 0:02:58]} d5 {[%clk 0:03:03]} 5. exd5 {[%clk 0:02:55]} Nxd5
{[%clk 0:03:04]} 6. Bb5 {[%clk 0:02:53]} Nxc3 {[%clk 0:03:04]} 7. bxc3
{[%clk 0:02:54]} Bd6 {[%clk 0:03:05]} 8. d4 {[%clk 0:02:43]} exd4
{[%clk 0:03:05]} 9. O-O {[%clk 0:02:41]} O-O {[%clk 0:03:06]} 10. cxd4
{[%clk 0:02:37]} h6 {[%clk 0:02:57]} 11. c3 {[%clk 0:02:35]} Qf6 {[%clk 0:02:55]}
12. Rb1 {[%clk 0:02:33]} Bf5 {[%clk 0:02:45]} 13. Bd3 {[%clk 0:02:31]} b6
{[%clk 0:02:41]} 14. Rb5 {[%clk 0:02:32]} Ne7 {[%clk 0:02:29]} 15. Bxf5
{[%clk 0:02:04]} Nxf5 {[%clk 0:02:31]} 16. Qd3 {[%clk 0:02:05]} c5
{[%clk 0:02:27]} 17. Ba3 {[%clk 0:01:58]} Rad8 {[%clk 0:02:17]} 18. Re1
{[%clk 0:01:52]} Nh4 {[%clk 0:01:46]} 19. Nxh4 {[%clk 0:01:51]} Qxh4
{[%clk 0:01:47]} 20. Qf3 {[%clk 0:01:14]} Rfe8 {[%clk 0:00:52]} 21. Rxe8+
{[%clk 0:01:04]} Rxe8 {[%clk 0:00:53]} 22. Rb1 {[%clk 0:01:05]} Qe7
{[%clk 0:00:52]} 23. Qd3 {[%clk 0:00:33]} Qe1+ {[%clk 0:00:47]} 24. Rxe1
{[%clk 0:00:33]} Rxe1+ {[%clk 0:00:48]} 25. Qf1 {[%clk 0:00:34]} Bh2+
{[%clk 0:00:49]} 26. Kxh2 {[%clk 0:00:36]} Rxf1 {[%clk 0:00:50]} 27. dxc5
{[%clk 0:00:37]} bxc5 {[%clk 0:00:41]} 28. Bxc5 {[%clk 0:00:38]} a6
{[%clk 0:00:39]} 29. Kg3 {[%clk 0:00:35]} Rc1 {[%clk 0:00:39]} 30. Bb4
{[%clk 0:00:35]} f6 {[%clk 0:00:37]} 31. a4 {[%clk 0:00:35]} Kf7 {[%clk 0:00:38]}
32. a5 {[%clk 0:00:37]} Ke6 {[%clk 0:00:39]} 33. Kf3 {[%clk 0:00:38]} g5
{[%clk 0:00:36]} 34. g4 {[%clk 0:00:32]} f5 {[%clk 0:00:36]} 35. Kg3
{[%clk 0:00:29]} Ke5 {[%clk 0:00:34]} 36. Kf3 {[%clk 0:00:29]} Rc2
{[%clk 0:00:32]} 37. Ke3 {[%clk 0:00:20]} Rc1 38. Kf3 Ra1 {[%clk 0:00:30]} 39.
Kg3 {[%clk 0:00:18]} Ke4 {[%clk 0:00:28]} 40. gxf5 {[%clk 0:00:09]} Kxf5
{[%clk 0:00:29]} 41. h4 {[%clk 0:00:07]} g4 {[%clk 0:00:29]} 42. h5
{[%clk 0:00:05]} Rd1 {[%clk 0:00:30]} 43. Bc5 {[%clk 0:00:04]} Rd3+
{[%clk 0:00:29]} 44. Be3 {[%clk 0:00:06]} Rxc3 {[%clk 0:00:28]} 45. Kh4
{[%clk 0:00:07]} Ra3 {[%clk 0:00:23]} 46. Kg3 {[%clk 0:00:05]} Rxa5
{[%clk 0:00:17]} 47. Bxh6 {[%clk 0:00:06]} Ra1 {[%clk 0:00:17]} 48. f3
{[%clk 0:00:04]} Ra3 {[%clk 0:00:15]} 49. Bg7 {[%clk 0:00:03]} Rxf3+
{[%clk 0:00:16]} 50. Kg2 {[%clk 0:00:05]} a5 {[%clk 0:00:17]} 51. h6
{[%clk 0:00:06]} Ke5 0-1

[Event "Russian Blitz Team Championship (m)"]
[Site "Sochi"]
[Date "2022.10.17"]
[Round "13.4"]
[White "Kabanov, Nikolai"]
[Black "Rozum, Ivan"]
[Result "1-0"]
[BlackElo "2428"]
[WhiteElo "2367"]
[LiveChessVersion "1.4.8"]

1. e4 {[%clk 0:03:03]} c6 {[%clk 0:03:03]} 2. d4 {[%clk 0:03:03]} d5
{[%clk 0:03:04]} 3. exd5 {[%clk 0:03:03]} cxd5 {[%clk 0:03:05]} 4. Nf3
{[%clk 0:03:04]} Nc6 {[%clk 0:03:03]} 5. Ne5 {[%clk 0:03:05]} a6 {[%clk 0:03:00]}
6. c4 {[%clk 0:03:05]} Nf6 {[%clk 0:02:40]} 7. Nc3 {[%clk 0:03:05]} e6
{[%clk 0:02:36]} 8. Nxc6 {[%clk 0:03:02]} bxc6 {[%clk 0:02:36]} 9. c5
{[%clk 0:03:02]} Be7 {[%clk 0:02:30]} 10. Bf4 {[%clk 0:03:02]} O-O
{[%clk 0:02:29]} 11. Bd3 {[%clk 0:02:58]} Nd7 {[%clk 0:02:28]} 12. O-O
{[%clk 0:02:54]} e5 {[%clk 0:02:24]} 13. dxe5 {[%clk 0:02:52]} Nxc5
{[%clk 0:02:24]} 14. Bc2 {[%clk 0:02:50]} Ne6 {[%clk 0:02:02]} 15. Bg3
{[%clk 0:02:49]} f5 {[%clk 0:01:56]} 16. exf6 {[%clk 0:02:45]} Bxf6
{[%clk 0:01:56]} 17. Qd3 {[%clk 0:02:00]} g6 {[%clk 0:01:55]} 18. Rfe1
{[%clk 0:01:54]} Nd4 {[%clk 0:01:55]} 19. Ba4 {[%clk 0:01:45]} Bf5
{[%clk 0:01:52]} 20. Qd2 {[%clk 0:01:38]} Qb6 {[%clk 0:01:43]} 21. Be5
{[%clk 0:01:36]} Bxe5 {[%clk 0:01:34]} 22. Rxe5 {[%clk 0:01:36]} Rab8
{[%clk 0:01:28]} 23. b3 {[%clk 0:01:34]} Rbd8 {[%clk 0:01:19]} 24. Rae1
{[%clk 0:01:32]} Bd7 {[%clk 0:00:58]} 25. Re7 {[%clk 0:01:26]} Nf5
{[%clk 0:00:49]} 26. Nxd5 {[%clk 0:01:18]} cxd5 {[%clk 0:00:34]} 27. Qxd5+
{[%clk 0:01:12]} Kh8 {[%clk 0:00:24]} 28. Qe5+ {[%clk 0:01:10]} Rf6
{[%clk 0:00:12]} 29. Rxd7 {[%clk 0:01:08]} Rdf8 {[%clk 0:00:13]} 30. Qc7
{[%clk 0:00:34]} Qb4 {[%clk 0:00:06]} 31. Rxh7+ {[%clk 0:00:32]} Kg8
{[%clk 0:00:08]} 32. Rd1 {[%clk 0:00:30]} Qg4 {[%clk 0:00:07]} 33. b4
{[%clk 0:00:27]} Re6 {[%clk 0:00:05]} 34. Bb3 {[%clk 0:00:27]} Nd4
{[%clk 0:00:03]} 35. Qg7# {[%clk 0:00:28]} 1-0

[Event "Russian Blitz Team Championship (m)"]
[Site "Sochi"]
[Date "2022.10.17"]
[Round "13.5"]
[White "Artemiev, Vladislav"]
[Black "Ponkratov, Pavel"]
[Result "1/2-1/2"]
[BlackElo "2515"]
[WhiteElo "2832"]
[LiveChessVersion "1.4.8"]

1. Nf3 {[%clk 0:03:01]} c5 {[%clk 0:03:03]} 2. c4 {[%clk 0:03:01]} Nc6
{[%clk 0:03:04]} 3. Nc3 {[%clk 0:03:01]} g6 {[%clk 0:03:05]} 4. e3
{[%clk 0:02:56]} Bg7 {[%clk 0:03:06]} 5. d4 {[%clk 0:02:57]} d6 {[%clk 0:03:07]}
6. d5 {[%clk 0:02:56]} Bxc3+ {[%clk 0:03:07]} 7. bxc3 {[%clk 0:02:57]} Na5
{[%clk 0:03:08]} 8. Nd2 {[%clk 0:02:31]} Nf6 {[%clk 0:03:01]} 9. Bd3
{[%clk 0:02:18]} e5 {[%clk 0:03:01]} 10. dxe6 {[%clk 0:02:02]} Bxe6
{[%clk 0:03:01]} 11. O-O {[%clk 0:01:54]} O-O {[%clk 0:03:01]} 12. e4
{[%clk 0:01:47]} Ng4 {[%clk 0:02:54]} 13. Nb3 {[%clk 0:00:37]} Ne5
{[%clk 0:02:48]} 14. Nxa5 {[%clk 0:00:37]} Qxa5 {[%clk 0:02:49]} 15. Bh6
{[%clk 0:00:36]} Rfd8 {[%clk 0:02:28]} 16. Qd2 {[%clk 0:00:30]} Rd7
{[%clk 0:01:34]} 17. f4 {[%clk 0:00:30]} Nxd3 {[%clk 0:01:00]} 18. Qxd3
{[%clk 0:00:31]} Qa6 {[%clk 0:00:57]} 19. Qg3 {[%clk 0:00:26]} Bxc4
{[%clk 0:00:54]} 20. Qh4 {[%clk 0:00:21]} d5 {[%clk 0:00:53]} 21. Rfd1
{[%clk 0:00:13]} Re8 {[%clk 0:00:54]} 22. exd5 {[%clk 0:00:11]} Bxd5
{[%clk 0:00:40]} 23. Re1 {[%clk 0:00:04]} Be4 {[%clk 0:00:39]} 24. f5
{[%clk 0:00:03]} gxf5 {[%clk 0:00:39]} 25. Rad1 {[%clk 0:00:04]} Qg6
{[%clk 0:00:33]} 26. g3 {[%clk 0:00:04]} Rxd1 {[%clk 0:00:22]} 27. Rxd1
{[%clk 0:00:05]} Bc6 {[%clk 0:00:22]} 28. Rd8 {[%clk 0:00:06]} f6
{[%clk 0:00:23]} 29. Rxe8+ {[%clk 0:00:05]} Qxe8 {[%clk 0:00:17]} 30. Kf2
{[%clk 0:00:03]} Kf7 {[%clk 0:00:16]} 31. Be3 {[%clk 0:00:03]} Qe5
{[%clk 0:00:12]} 32. Qxh7+ {[%clk 0:00:03]} Ke6 {[%clk 0:00:14]} 33. Qg8+
{[%clk 0:00:04]} Kd7 {[%clk 0:00:15]} 34. Qf7+ {[%clk 0:00:05]} Kc8
{[%clk 0:00:16]} 35. Qf8+ {[%clk 0:00:06]} Kc7 {[%clk 0:00:17]} 36. Qxc5
{[%clk 0:00:06]} Qe4 {[%clk 0:00:17]} 37. Qd4 {[%clk 0:00:04]} Qg2+
{[%clk 0:00:16]} 38. Ke1 {[%clk 0:00:05]} Qh1+ {[%clk 0:00:17]} 39. Bg1
{[%clk 0:00:06]} a6 {[%clk 0:00:16]} 40. h4 {[%clk 0:00:05]} Qf3 {[%clk 0:00:16]}
41. Qf4+ {[%clk 0:00:05]} Qxf4 {[%clk 0:00:17]} 42. gxf4 {[%clk 0:00:06]} Bf3
{[%clk 0:00:18]} 43. Bd4 {[%clk 0:00:07]} Kd6 {[%clk 0:00:19]} 44. Bxf6
{[%clk 0:00:07]} Kd5 {[%clk 0:00:20]} 45. Kd2 {[%clk 0:00:08]} Kc4
{[%clk 0:00:21]} 46. Kc2 {[%clk 0:00:07]} Bh5 {[%clk 0:00:22]} 1/2-1/2

[Event "Russian Blitz Team Championship (m)"]
[Site "Sochi"]
[Date "2022.10.17"]
[Round "13.6"]
[White "Lysyj, Igor"]
[Black "Sjugirov, Sanan"]
[Result "0-1"]
[BlackElo "2609"]
[WhiteElo "2576"]
[LiveChessVersion "1.4.8"]

1. d4 {[%clk 0:03:02]} Nf6 {[%clk 0:03:03]} 2. c4 {[%clk 0:03:03]} e6
{[%clk 0:03:05]} 3. Nc3 {[%clk 0:03:04]} Bb4 {[%clk 0:03:06]} 4. Qc2
{[%clk 0:03:05]} d5 {[%clk 0:02:44]} 5. cxd5 {[%clk 0:03:05]} exd5
{[%clk 0:02:45]} 6. Bf4 {[%clk 0:03:06]} O-O {[%clk 0:02:30]} 7. e3
{[%clk 0:03:05]} Be6 {[%clk 0:02:10]} 8. Bd3 {[%clk 0:02:54]} c5 {[%clk 0:02:10]}
9. dxc5 {[%clk 0:02:50]} Nbd7 {[%clk 0:02:11]} 10. Nf3 {[%clk 0:02:48]} Rc8
{[%clk 0:02:06]} 11. O-O {[%clk 0:02:45]} Nxc5 {[%clk 0:02:03]} 12. Rac1
{[%clk 0:02:05]} Nce4 {[%clk 0:01:40]} 13. Be5 {[%clk 0:01:55]} Bg4
{[%clk 0:01:18]} 14. Bxf6 {[%clk 0:01:42]} Nxf6 {[%clk 0:01:13]} 15. Nd4
{[%clk 0:01:43]} Bxc3 {[%clk 0:01:12]} 16. bxc3 {[%clk 0:01:44]} Bd7
{[%clk 0:00:36]} 17. Qb3 {[%clk 0:01:42]} b6 {[%clk 0:00:37]} 18. Rfd1
{[%clk 0:01:34]} Qe7 {[%clk 0:00:37]} 19. c4 {[%clk 0:01:18]} dxc4
{[%clk 0:00:37]} 20. Rxc4 {[%clk 0:01:19]} Rxc4 {[%clk 0:00:37]} 21. Qxc4
{[%clk 0:01:15]} Rc8 {[%clk 0:00:36]} 22. Qa6 {[%clk 0:01:15]} Rc7
{[%clk 0:00:32]} 23. Nb5 {[%clk 0:01:12]} Bxb5 {[%clk 0:00:33]} 24. Qxb5
{[%clk 0:01:10]} g6 {[%clk 0:00:33]} 25. h3 {[%clk 0:01:06]} Kg7 {[%clk 0:00:23]}
26. Qb2 {[%clk 0:01:03]} Rd7 {[%clk 0:00:22]} 27. Be2 {[%clk 0:01:00]} Rxd1+
{[%clk 0:00:23]} 28. Bxd1 {[%clk 0:01:01]} h5 {[%clk 0:00:23]} 29. Bb3
{[%clk 0:01:00]} Kg8 {[%clk 0:00:21]} 30. Qc2 {[%clk 0:00:59]} Kg7
{[%clk 0:00:21]} 31. Qc3 {[%clk 0:00:59]} Kg8 {[%clk 0:00:17]} 32. Qd3
{[%clk 0:00:56]} Kg7 {[%clk 0:00:09]} 33. Qc4 {[%clk 0:00:49]} Ne4
{[%clk 0:00:09]} 34. Qd4+ {[%clk 0:00:49]} Nf6 {[%clk 0:00:08]} 35. Qc4
{[%clk 0:00:49]} Ne4 {[%clk 0:00:08]} 36. Qd4+ {[%clk 0:00:49]} Kg8
{[%clk 0:00:09]} 37. Qd5 {[%clk 0:00:46]} Nc5 {[%clk 0:00:10]} 38. Bc4
{[%clk 0:00:45]} Kg7 {[%clk 0:00:08]} 39. g3 {[%clk 0:00:42]} Qf6
{[%clk 0:00:09]} 40. h4 {[%clk 0:00:41]} Na4 {[%clk 0:00:05]} 41. Kg2
{[%clk 0:00:14]} Nc3 {[%clk 0:00:04]} 42. Qd3 {[%clk 0:00:15]} a5
{[%clk 0:00:04]} 43. a3 {[%clk 0:00:13]} Na4 {[%clk 0:00:05]} 44. Qd4
{[%clk 0:00:13]} Nc5 {[%clk 0:00:04]} 45. Qxf6+ {[%clk 0:00:14]} Kxf6
{[%clk 0:00:05]} 46. f4 {[%clk 0:00:13]} Ne4 {[%clk 0:00:06]} 47. Bd3
{[%clk 0:00:13]} Nc3 {[%clk 0:00:06]} 48. Kf2 {[%clk 0:00:13]} b5
{[%clk 0:00:07]} 49. Ke1 {[%clk 0:00:13]} b4 {[%clk 0:00:06]} 50. axb4
{[%clk 0:00:14]} axb4 {[%clk 0:00:07]} 51. Kd2 {[%clk 0:00:15]} Ke6
{[%clk 0:00:08]} 52. Bc4+ {[%clk 0:00:16]} Kf5 {[%clk 0:00:08]} 53. Bd3+
{[%clk 0:00:15]} Kg4 {[%clk 0:00:09]} 54. Bc4 {[%clk 0:00:14]} f5
{[%clk 0:00:07]} 55. Bf7 {[%clk 0:00:14]} Ne4+ {[%clk 0:00:08]} 56. Kd3
{[%clk 0:00:14]} Nxg3 {[%clk 0:00:09]} 57. Bxg6 {[%clk 0:00:14]} Kxh4
{[%clk 0:00:10]} 0-1

[Event "Russian Blitz Team Championship (m)"]
[Site "Sochi"]
[Date "2022.10.17"]
[Round "13.7"]
[White "Timofeev, Artyom"]
[Black "Shomoev, Anton"]
[Result "0-1"]
[BlackElo "2499"]
[WhiteElo "2579"]
[LiveChessVersion "1.4.8"]

1. e4 {[%clk 0:03:02]} c5 {[%clk 0:03:03]} 2. Nf3 {[%clk 0:03:02]} d6
{[%clk 0:03:04]} 3. Bc4 {[%clk 0:03:03]} Nf6 {[%clk 0:03:05]} 4. Qe2
{[%clk 0:03:04]} e6 {[%clk 0:02:59]} 5. c3 {[%clk 0:02:59]} Be7 {[%clk 0:02:58]}
6. O-O {[%clk 0:02:59]} O-O {[%clk 0:02:58]} 7. Bb3 {[%clk 0:03:00]} b6
{[%clk 0:02:59]} 8. Re1 {[%clk 0:02:52]} Bb7 {[%clk 0:02:51]} 9. d3
{[%clk 0:02:52]} Nc6 {[%clk 0:02:47]} 10. Bf4 {[%clk 0:02:49]} b5
{[%clk 0:02:46]} 11. a3 {[%clk 0:02:45]} a5 {[%clk 0:02:47]} 12. a4
{[%clk 0:02:46]} b4 {[%clk 0:02:33]} 13. Nbd2 {[%clk 0:02:47]} d5
{[%clk 0:02:14]} 14. Rad1 {[%clk 0:02:17]} Ba6 {[%clk 0:02:01]} 15. Bg3
{[%clk 0:01:54]} Nh5 {[%clk 0:01:45]} 16. exd5 {[%clk 0:01:46]} Nxg3
{[%clk 0:01:43]} 17. hxg3 {[%clk 0:01:47]} exd5 {[%clk 0:01:43]} 18. Ne5
{[%clk 0:01:43]} Nxe5 {[%clk 0:01:37]} 19. Qxe5 {[%clk 0:01:43]} bxc3
{[%clk 0:01:30]} 20. bxc3 {[%clk 0:01:43]} Bf6 {[%clk 0:01:21]} 21. Qxd5
{[%clk 0:01:43]} Bxc3 {[%clk 0:01:16]} 22. Qxc5 {[%clk 0:01:24]} Rc8
{[%clk 0:01:03]} 23. Qf5 {[%clk 0:00:39]} Bxd3 {[%clk 0:00:48]} 24. Qf3
{[%clk 0:00:37]} Bg6 {[%clk 0:00:28]} 25. Ne4 {[%clk 0:00:30]} Bxe1
{[%clk 0:00:19]} 26. Rxd8 {[%clk 0:00:31]} Rcxd8 {[%clk 0:00:16]} 27. g4
{[%clk 0:00:08]} Bxe4 {[%clk 0:00:14]} 28. Qxe4 {[%clk 0:00:09]} Bb4
{[%clk 0:00:14]} 29. g3 {[%clk 0:00:05]} g6 {[%clk 0:00:16]} 30. Kg2
{[%clk 0:00:06]} Rd2 {[%clk 0:00:15]} 31. Qe5 {[%clk 0:00:07]} Rd3
{[%clk 0:00:11]} 32. Bc4 {[%clk 0:00:07]} Rc3 {[%clk 0:00:11]} 33. Qd5
{[%clk 0:00:07]} Rc2 {[%clk 0:00:10]} 34. g5 {[%clk 0:00:08]} Rd2
{[%clk 0:00:11]} 35. Qb7 {[%clk 0:00:08]} Bc5 {[%clk 0:00:11]} 36. Kh3
{[%clk 0:00:08]} Rxf2 {[%clk 0:00:11]} 37. Qc7 {[%clk 0:00:08]} Bb4
{[%clk 0:00:10]} 38. Qd7 {[%clk 0:00:09]} Rf5 {[%clk 0:00:11]} 39. Kg4
{[%clk 0:00:10]} Rb8 {[%clk 0:00:06]} 40. Bd3 {[%clk 0:00:10]} Rf2
{[%clk 0:00:06]} 41. Bc4 {[%clk 0:00:11]} Rf8 {[%clk 0:00:07]} 42. Bd5
{[%clk 0:00:12]} Rf5 {[%clk 0:00:07]} 43. Be4 {[%clk 0:00:13]} Re5
{[%clk 0:00:09]} 44. Bd3 {[%clk 0:00:14]} Bd2 {[%clk 0:00:09]} 45. Bxg6
{[%clk 0:00:10]} Rxg5+ {[%clk 0:00:07]} 46. Kh3 {[%clk 0:00:11]} hxg6
{[%clk 0:00:06]} 47. Qxd2 {[%clk 0:00:12]} Rh5+ {[%clk 0:00:07]} 48. Kg2
{[%clk 0:00:13]} Re8 {[%clk 0:00:08]} 49. Qd7 {[%clk 0:00:12]} Ree5
{[%clk 0:00:09]} 50. Qd8+ {[%clk 0:00:11]} Kg7 {[%clk 0:00:09]} 51. Qd4
{[%clk 0:00:12]} Rhg5 {[%clk 0:00:10]} 52. Kf3 {[%clk 0:00:13]} Kh7
{[%clk 0:00:11]} 53. Qh4+ {[%clk 0:00:14]} Kg8 {[%clk 0:00:12]} 54. Qd4
{[%clk 0:00:15]} Rd5 {[%clk 0:00:12]} 55. Qc4 {[%clk 0:00:16]} Rc5
{[%clk 0:00:12]} 56. Qd4 {[%clk 0:00:17]} Rgf5+ {[%clk 0:00:12]} 57. Kg2
{[%clk 0:00:18]} Rc2+ {[%clk 0:00:13]} 58. Kh3 {[%clk 0:00:18]} Rh5+
{[%clk 0:00:14]} 59. Kg4 {[%clk 0:00:19]} Rcc5 {[%clk 0:00:14]} 60. Kf3
{[%clk 0:00:20]} Rc8 {[%clk 0:00:11]} 61. Kg2 {[%clk 0:00:19]} Rhc5
{[%clk 0:00:12]} 62. Qd7 {[%clk 0:00:19]} Rc2+ {[%clk 0:00:11]} 63. Kh3
{[%clk 0:00:20]} R8c5 {[%clk 0:00:13]} 64. Qd8+ {[%clk 0:00:21]} Kg7
{[%clk 0:00:14]} 65. Qd4+ {[%clk 0:00:22]} Kh7 {[%clk 0:00:15]} 66. Qd3
{[%clk 0:00:18]} R2c4 {[%clk 0:00:15]} 67. Qf1 {[%clk 0:00:17]} Kg8
{[%clk 0:00:15]} 68. Qd1 {[%clk 0:00:17]} Rc3 {[%clk 0:00:13]} 69. Qd8+
{[%clk 0:00:17]} Kh7 {[%clk 0:00:14]} 70. Qe7 {[%clk 0:00:16]} Kg7
{[%clk 0:00:15]} 71. Qe4 {[%clk 0:00:16]} R3c4 {[%clk 0:00:16]} 72. Qe8
{[%clk 0:00:15]} Rg5 {[%clk 0:00:14]} 73. Qd8 {[%clk 0:00:09]} Rcg4
{[%clk 0:01:13]} 74. Kh2 {[%clk 0:00:09]} Rxg3 {[%clk 0:01:11]} 75. Qd4+
{[%clk 0:00:10]} Kh7 {[%clk 0:01:09]} 76. Qf4 {[%clk 0:00:04]} Kg8
{[%clk 0:01:01]} 77. Qb8+ {[%clk 0:00:05]} Kg7 {[%clk 0:01:02]} 78. Qb2+
{[%clk 0:00:03]} Kh7 {[%clk 0:00:37]} 79. Qb7 {[%clk 0:00:05]} Rg2+
{[%clk 0:00:33]} 80. Kh3 {[%clk 0:00:06]} Rf2 {[%clk 0:00:30]} 81. Kh4
{[%clk 0:00:07]} Rg1 {[%clk 0:00:24]} 82. Kh3 {[%clk 0:00:07]} Rf5
{[%clk 0:00:23]} 83. Kh2 {[%clk 0:00:05]} Rg4 {[%clk 0:00:20]} 84. Kh3
{[%clk 0:00:06]} Rxa4 {[%clk 0:00:21]} 85. Qd7 {[%clk 0:00:05]} Rb4
{[%clk 0:00:22]} 86. Qe7 {[%clk 0:00:06]} Rbf4 {[%clk 0:00:21]} 87. Qa7
{[%clk 0:00:06]} a4 {[%clk 0:00:22]} 88. Qa8 {[%clk 0:00:08]} Rb4
{[%clk 0:00:22]} 89. Qf8 {[%clk 0:00:09]} Rb3+ {[%clk 0:00:21]} 90. Kg4
{[%clk 0:00:10]} a3 {[%clk 0:00:22]} 91. Qa8 {[%clk 0:00:10]} Rb4+
{[%clk 0:00:17]} 92. Kg3 {[%clk 0:00:11]} Rb3+ {[%clk 0:00:16]} 93. Kg4
{[%clk 0:00:12]} Rbf3 {[%clk 0:00:16]} 94. Qa7 {[%clk 0:00:13]} Kg8
{[%clk 0:00:10]} 95. Qb8+ {[%clk 0:00:14]} Kg7 {[%clk 0:00:12]} 96. Qa7
{[%clk 0:00:15]} R5f4+ {[%clk 0:00:12]} 97. Kg3 {[%clk 0:00:19]} Kh6+
{[%clk 0:00:13]} 98. Qa8 {[%clk 0:00:19]} 0-1

[Event "Russian Blitz Team Championship (m)"]
[Site "Sochi"]
[Date "2022.10.17"]
[Round "13.8"]
[White "Remizov, Yaroslav"]
[Black "Faizrakhmanov, Ramil"]
[Result "1-0"]
[BlackElo "2421"]
[WhiteElo "2417"]
[LiveChessVersion "1.4.8"]

1. e4 {[%clk 0:03:02]} c5 {[%clk 0:03:04]} 2. Nf3 {[%clk 0:03:03]} d6
{[%clk 0:03:05]} 3. Bb5+ {[%clk 0:02:59]} Nd7 {[%clk 0:03:06]} 4. O-O
{[%clk 0:02:59]} Ngf6 {[%clk 0:03:07]} 5. Re1 {[%clk 0:03:00]} g6
{[%clk 0:03:06]} 6. c3 {[%clk 0:03:00]} a6 {[%clk 0:03:01]} 7. Bf1
{[%clk 0:02:57]} Bg7 {[%clk 0:02:56]} 8. d4 {[%clk 0:02:58]} cxd4
{[%clk 0:02:55]} 9. cxd4 {[%clk 0:02:59]} e6 {[%clk 0:02:51]} 10. Bg5
{[%clk 0:02:27]} Qb6 {[%clk 0:02:43]} 11. Nbd2 {[%clk 0:02:24]} O-O
{[%clk 0:02:24]} 12. Nc4 {[%clk 0:02:25]} Qc7 {[%clk 0:02:20]} 13. Rc1
{[%clk 0:02:24]} Qb8 {[%clk 0:02:21]} 14. Bf4 {[%clk 0:02:02]} Ne8
{[%clk 0:02:22]} 15. e5 {[%clk 0:02:03]} d5 {[%clk 0:02:13]} 16. Nd6
{[%clk 0:02:04]} Nxd6 {[%clk 0:02:01]} 17. exd6 {[%clk 0:02:05]} b5
{[%clk 0:01:56]} 18. Rc7 {[%clk 0:02:04]} Qb6 {[%clk 0:01:53]} 19. Ne5
{[%clk 0:01:22]} Ra7 {[%clk 0:01:52]} 20. Qc2 {[%clk 0:00:50]} Rxc7
{[%clk 0:01:47]} 21. Qxc7 {[%clk 0:00:50]} Qxd4 {[%clk 0:01:39]} 22. Nxd7
{[%clk 0:00:48]} Bxd7 {[%clk 0:01:29]} 23. Be3 {[%clk 0:00:44]} Qb4
{[%clk 0:01:30]} 24. Rc1 {[%clk 0:00:44]} d4 {[%clk 0:01:26]} 25. Bg5
{[%clk 0:00:32]} h6 {[%clk 0:01:22]} 26. Be7 {[%clk 0:00:33]} Rc8
{[%clk 0:01:22]} 27. Qxc8+ {[%clk 0:00:30]} Bxc8 {[%clk 0:01:22]} 28. Rxc8+
{[%clk 0:00:31]} Kh7 {[%clk 0:01:23]} 29. d7 {[%clk 0:00:32]} 1-0

[Event "Russian Blitz Team Championship (m)"]
[Site "Sochi"]
[Date "2022.10.17"]
[Round "13.9"]
[White "Triapishko, Alexandr"]
[Black "Chigaev, Maksim"]
[Result "0-1"]
[BlackElo "2537"]
[WhiteElo "2479"]
[LiveChessVersion "1.4.8"]

1. Nf3 {[%clk 0:03:02]} Nf6 {[%clk 0:03:03]} 2. g3 {[%clk 0:03:03]} g6
{[%clk 0:03:05]} 3. b3 {[%clk 0:03:05]} d5 {[%clk 0:03:06]} 4. Bb2
{[%clk 0:03:04]} c5 {[%clk 0:03:07]} 5. Bg2 {[%clk 0:03:04]} h5 {[%clk 0:03:07]}
6. c4 {[%clk 0:02:54]} d4 {[%clk 0:03:08]} 7. b4 {[%clk 0:02:54]} h4
{[%clk 0:02:23]} 8. gxh4 {[%clk 0:02:46]} Nc6 {[%clk 0:01:44]} 9. bxc5
{[%clk 0:02:34]} e5 {[%clk 0:01:45]} 10. d3 {[%clk 0:02:35]} Bxc5
{[%clk 0:01:24]} 11. Nbd2 {[%clk 0:02:23]} Nh5 {[%clk 0:01:25]} 12. Qb3
{[%clk 0:01:51]} Nf4 {[%clk 0:01:23]} 13. Rg1 {[%clk 0:01:40]} Qe7
{[%clk 0:01:08]} 14. Rb1 {[%clk 0:01:11]} Bf5 {[%clk 0:01:02]} 15. Bc1
{[%clk 0:00:51]} Rb8 {[%clk 0:00:47]} 16. Bh1 {[%clk 0:00:49]} Bb4
{[%clk 0:00:39]} 17. Qa4 {[%clk 0:00:36]} O-O {[%clk 0:00:28]} 18. Kd1
{[%clk 0:00:23]} a5 {[%clk 0:00:09]} 19. Ng5 {[%clk 0:00:21]} Bd7
{[%clk 0:00:06]} 20. Qb3 {[%clk 0:00:13]} Kh8 {[%clk 0:00:07]} 21. Nde4
{[%clk 0:00:11]} f6 {[%clk 0:00:08]} 22. Nf3 {[%clk 0:00:08]} f5 {[%clk 0:00:07]}
23. Neg5 {[%clk 0:00:06]} Nxe2 {[%clk 0:00:04]} 24. Kxe2 e4 {[%clk 0:00:06]} 25.
Kf1 {[%clk 0:00:05]} exf3 {[%clk 0:00:06]} 26. Nxf3 {[%clk 0:00:04]} f4
{[%clk 0:00:06]} 27. Bd2 {[%clk 0:00:05]} Rbe8 {[%clk 0:00:05]} 28. Re1
{[%clk 0:00:05]} Qd6 {[%clk 0:00:05]} 29. Bg2 {[%clk 0:00:04]} Bg4
{[%clk 0:00:06]} 30. h3 {[%clk 0:00:04]} Bf5 {[%clk 0:00:07]} 31. Ng5
{[%clk 0:00:03]} a4 {[%clk 0:00:08]} 32. Qc2 {[%clk 0:00:04]} Bxd2
{[%clk 0:00:07]} 33. Qxd2 {[%clk 0:00:05]} Qb4 {[%clk 0:00:08]} 34. Qd1
{[%clk 0:00:04]} Bxd3+ {[%clk 0:00:08]} 0-1

[Event "Russian Blitz Team Championship (m)"]
[Site "Sochi"]
[Date "2022.10.17"]
[Round "13.10"]
[White "Tomashevsky, Evgeny"]
[Black "Kryakvin, Dmitry"]
[Result "1-0"]
[BlackElo "2436"]
[WhiteElo "2695"]
[LiveChessVersion "1.4.8"]

1. c4 {[%clk 0:03:03]} c5 {[%clk 0:03:02]} 2. Nf3 {[%clk 0:03:03]} Nf6
{[%clk 0:03:01]} 3. Nc3 {[%clk 0:03:03]} e6 {[%clk 0:02:56]} 4. g3
{[%clk 0:03:03]} b6 {[%clk 0:02:52]} 5. Bg2 {[%clk 0:03:04]} Bb7 {[%clk 0:02:53]}
6. O-O {[%clk 0:03:05]} Be7 {[%clk 0:02:53]} 7. d4 {[%clk 0:03:06]} cxd4
{[%clk 0:02:53]} 8. Qxd4 {[%clk 0:03:07]} O-O {[%clk 0:02:51]} 9. Rd1
{[%clk 0:03:05]} d6 {[%clk 0:02:43]} 10. Bg5 {[%clk 0:03:05]} Nbd7
{[%clk 0:02:41]} 11. Nb5 {[%clk 0:02:57]} d5 {[%clk 0:02:26]} 12. cxd5
{[%clk 0:02:58]} Bxd5 {[%clk 0:02:09]} 13. Nc3 {[%clk 0:02:44]} Bc6
{[%clk 0:01:00]} 14. Qh4 {[%clk 0:02:45]} Qe8 {[%clk 0:00:48]} 15. Rxd7
{[%clk 0:02:18]} Bxd7 {[%clk 0:00:39]} 16. Ne5 {[%clk 0:02:19]} Rc8
{[%clk 0:00:21]} 17. Ne4 {[%clk 0:02:20]} Nxe4 {[%clk 0:00:11]} 18. Bxe7
{[%clk 0:02:21]} Nc5 {[%clk 0:00:08]} 19. Bxf8 {[%clk 0:02:11]} Qxf8
{[%clk 0:00:09]} 20. b4 {[%clk 0:02:12]} Qd6 {[%clk 0:00:08]} 21. Nc4
{[%clk 0:01:57]} 1-0